书目信息 |
| 题名: |
中级财务管理经典题解
|
|
| 作者: | 李斌 主编 | |
| 分册: | 上册 | |
| 出版信息: | 北京 高等教育出版社 2020.4 |
|
| 页数: | 2册(359页) | |
| 开本: | 26cm | |
| 丛书名: | 梦想成真系列辅导丛书 | |
| 单 册: | ||
| 中图分类: | F275-44 | |
| 科图分类: | ||
| 主题词: | 财务管理--cai wu guan li--资格考试--题解 | |
| 电子资源: | ||
| ISBN: | 978-7-04-053842-7 | |
| 000 | 01118oam2 2200277 450 | |
| 001 | 2161432335 | |
| 005 | 20211003082151.79 | |
| 010 | @a978-7-04-053842-7@dCNY32.50(全2册65.00) | |
| 100 | @a20200702d2020 em y0chiy0120 ea | |
| 101 | 0 | @achi |
| 102 | @aCN@b110000 | |
| 105 | @ay zq 000yy | |
| 106 | @ar | |
| 200 | 1 | @a中级财务管理经典题解@Azhong ji cai wu guan li jing dian ti jie@h上册@f李斌主编 |
| 210 | @a北京@c高等教育出版社@d2020.4 | |
| 215 | @a2册(359页)@d26cm | |
| 225 | 2 | @a梦想成真系列辅导丛书@Ameng xiang cheng zhen xi lie fu dao cong shu |
| 300 | @a2020年度全国会计专业技术资格考试 2020年度中级会计职称梦想成真系列 | |
| 304 | @a中华会计网校组编 | |
| 330 | @a本书分为四部分:命题趋势预测及应试技巧、核心考点精析及习题训练、跨章节主观题突破、机考通关模拟试题演练。其内容涉及财务管理基础、预算管理、投资管理、营运资金管理、成本管理、财务分析与评价等。 | |
| 461 | 0 | @12001 @a梦想成真系列辅导丛书 |
| 606 | 0 | @a财务管理@Acai wu guan li@x资格考试@j题解 |
| 690 | @aF275-44@v5 | |
| 701 | 0 | @a李斌@Ali bin@c(会计学)@4主编 |
| 801 | 0 | @aCN@b百万庄@c20210927 |
| 905 | @b1302231-34@dF275-44@e1755:1@f4 | |
| 中级财务管理经典题解.上册/李斌主编.-北京:高等教育出版社,2020.4 |
| 2册(359页);26cm.-(梦想成真系列辅导丛书) |
| 2020年度全国会计专业技术资格考试 2020年度中级会计职称梦想成真系列 |
| ISBN 978-7-04-053842-7:CNY32.50(全2册65.00) |
| 本书分为四部分:命题趋势预测及应试技巧、核心考点精析及习题训练、跨章节主观题突破、机考通关模拟试题演练。其内容涉及财务管理基础、预算管理、投资管理、营运资金管理、成本管理、财务分析与评价等。 |
| ● |
| 相关链接 |
|
|
|
|
正题名:中级财务管理经典题解
索取号:F275-44/1755:1
 
预约/预借
| 序号 | 登录号 | 条形码 | 馆藏地/架位号 | 状态 | 备注 |
| 1 | 1302231 | 213022316 | 第一样本阅览室/ [索取号:F275-44/1755:1] | 在馆 | |
| 2 | 1302232 | 213022325 | 第一借阅区/ [索取号:F275-44/1755:1] | 在馆 | |
| 3 | 1302233 | 213022334 | 第一借阅区/ [索取号:F275-44/1755:1] | 在馆 | |
| 4 | 1302234 | 213022343 | 第一借阅区/ [索取号:F275-44/1755:1] | 在馆 |